000 00703nam a2200217 4500
001 a9000
003 SIRSI
008 150113n2014 000 0 eng u
020 _a9788132113669
035 _a(Sirsi) a9957
050 0 0 _aH62
_b.A5134 2014
100 1 _aAdams, John.
245 1 0 _aResearch methods for business and social science students /
_c John Adams, Hafiz T.A. Khan, Robert Raeside
250 _aSecond edition.
260 _aNew Delhi :
_b SAGE Response,
_c 2014.
504 _a Includes bibliographical references.
650 0 _aSocial sciences
_x Research.
650 0 _aSocial sciences
_x Methodology.
700 1 _aRaeside, R.
_q (Robert)
700 1 _aKhan, Hafiz T. A.
999 _c25203
_d25203